| 000 -LEADER |
| fixed length control field |
00831nam a2200217Ia 4500 |
| 001 - CONTROL NUMBER |
| control field |
8433 |
| 003 - CONTROL NUMBER IDENTIFIER |
| control field |
GE_BSU |
| 008 - FIXED-LENGTH DATA ELEMENTS--GENERAL INFORMATION |
| fixed length control field |
181216s||||||||xx |||||||||||||| ||und|| |
| 040 ## - CATALOGING SOURCE |
| Transcribing agency |
GE_BSU |
| 080 ## - UNIVERSAL DECIMAL CLASSIFICATION NUMBER |
| Universal Decimal Classification number |
821.353.1 |
| 100 ## - MAIN ENTRY--PERSONAL NAME |
| Personal name |
ვაჟა-ფშაველა |
| 245 ## - TITLE STATEMENT |
| Title |
რჩეული. |
| 245 ## - TITLE STATEMENT |
| Statement of responsibility, etc. |
რედ: ალექსანდრე აბაშელი და აკაკი შაინიძე. მოქანდაკე ბ. ავალიშვილი. |
| 260 ## - PUBLICATION, DISTRIBUTION, ETC. |
| Place of publication, distribution, etc. |
თბილისი. |
| 260 ## - PUBLICATION, DISTRIBUTION, ETC. |
| Name of publisher, distributor, etc. |
სახელმწიფო გამომცემლობა. |
| 260 ## - PUBLICATION, DISTRIBUTION, ETC. |
| Date of publication, distribution, etc. |
1953 |
| 300 ## - PHYSICAL DESCRIPTION |
| Extent |
399 გვ; 25 სმ. |
| 300 ## - PHYSICAL DESCRIPTION |
| Other physical details |
ვაჟა–ფშაველას პორტრეტი (ხეზე ამოჭრილი) |
| 653 ## - INDEX TERM--UNCONTROLLED |
| Uncontrolled term |
რჩეული. |
| 942 ## - ADDED ENTRY ELEMENTS (KOHA) |
| Koha item type |
წიგნი |